[Event "Province VR 80th"]
[Site "Zevio Verona"]
[Date "2020.01.26"]
[Round "4.7"]
[White "Nori, Marco"]
[Black "Jimchi, Abdelaziz"]
[Result "0-1"]
[WhiteElo "1456"]
[BlackElo "1758"]
[PlyCount "106"]
[EventDate "2020.01.24"]
[EventType "swiss"]
[EventRounds "5"]
[EventCountry "ITA"]
[SourceTitle "EXT 2024"]
[Source "ChessBase"]
[SourceDate "2023.10.10"]
[SourceVersion "1"]
[SourceVersionDate "2023.10.10"]
[SourceQuality "1"]

1. c4 b6 2. Nc3 Bb7 3. d3 e6 4. e4 g6 5. Nf3 Bg7 6. Be2 Ne7 7. 0-0 c5 8. Rb1 d5 9. cxd5 exd5 10. Bf4 Bxc3 11. bxc3 dxe4 12. dxe4 Qxd1 13. Rbxd1 Bxe4 14. Bb5+ Bc6 15. a4 0-0 16. Ne5 f6 17. Nxc6 Nbxc6 18. Rfe1 Rfd8 19. g3 Rxd1 20. Rxd1 Rd8 21. Rxd8+ Nxd8 22. Bb8 Ndc6 23. Bd6 Kf7 24. Bc4+ Ke8 25. Bb5 Kd8 26. Kg2 Kc8 27. h4 Kb7 28. Bc4 Na5 29. Be2 Nac6 30. Bf3 Ka6 31. g4 Ka5 32. Bd1 Nc8 33. Bf8 N8e7 34. Bh6 b5 35. axb5 Kxb5 36. Bd2 c4 37. f4 a5 38. Kf3 a4 39. Ke4 Na5 40. Bc1 Nb3 41. Bb2 Nc5+ 42. Ke3 Nd3 43. Ba1 Nd5+ 44. Kd4 N5xf4 45. Bxa4+ Kxa4 46. Kxc4 Ne5+ 47. Kc5 Kb3 48. c4 Nxg4 49. Kb5 Ne6 50. c5 f5 51. Bh8 f4 52. c6 f3 53. Kb6 f2 0-1

[Event "Province VR 80th"]
[Site "Zevio Verona"]
[Date "2020.01.26"]
[Round "5.11"]
[White "Vujicic, Luigi"]
[Black "Nori, Marco"]
[Result "1-0"]
[WhiteElo "1699"]
[BlackElo "1456"]
[PlyCount "71"]
[EventDate "2020.01.24"]
[EventType "swiss"]
[EventRounds "5"]
[EventCountry "ITA"]
[SourceTitle "EXT 2024"]
[Source "ChessBase"]
[SourceDate "2023.10.10"]
[SourceVersion "1"]
[SourceVersionDate "2023.10.10"]
[SourceQuality "1"]

1. e4 c5 2. Nc3 Nc6 3. g3 e6 4. Bg2 d6 5. d3 Nf6 6. Be3 Be7 7. h3 0-0 8. f4 e5 9. f5 a6 10. g4 Nd4 11. Nce2 Kh8 12. c3 Nxe2 13. Qxe2 Ng8 14. Nf3 Bh4+ 15. Kf1 h6 16. g5 Bxg5 17. Nxg5 hxg5 18. Qh5+ Nh6 19. Bxg5 f6 20. Bxh6 gxh6 21. Qxh6+ Kg8 22. Qg6+ Kh8 23. Bf3 Qe7 24. Qh6+ Qh7 25. Qxf8+ Qg8 26. Qxf6+ Qg7 27. Qxg7+ Kxg7 28. Ke2 b5 29. Rag1+ Kf8 30. h4 Ra7 31. h5 Rh7 32. h6 d5 33. Rg7 Rxh6 34. Rxh6 Kxg7 35. Rc6 dxe4 36. dxe4 1-0